| 000 | 00412nam a2200181Ia 4500 | ||
|---|---|---|---|
| 008 | 231222s2022 xx 000 0 und d | ||
| 041 | _aeng | ||
| 082 | _a611/BHI | ||
| 100 | _aDr. S.B. Bhise | ||
| 245 | _aHuman Anatomy & Physiology | ||
| 250 | _a2 | ||
| 260 |
_bNirali Prakashan _c2022 |
||
| 300 | _a15p | ||
| 365 | _cRS | ||
| 500 | _aBV | ||
| 650 | _aHuman Anatomy & Physiology | ||
| 906 | _aDIPLOMA | ||
| 999 |
_c1007884 _d1007884 |
||